Normal view
MARC view
Entry Topical Term
001 - CONTROL NUMBER
- control field: 11613
003 - CONTROL NUMBER IDENTIFIER
- control field: OSt
005 - DATE AND TIME OF LATEST TRANSACTION
- control field: 20190929065607.0
008 - FIXED-LENGTH DATA ELEMENTS
- fixed length control field: 190929|| aca||aabn | a|a d
040 ## - CATALOGING SOURCE
- Original cataloging agency: OSt
- Transcribing agency: OSt
150 ## - HEADING--TOPICAL TERM
- Topical term or geographic name entry element: MGNREGS
670 ## - SOURCE DATA FOUND
- Source citation: Work cat.: (OSt): Maurya, Seema 11612, Women participation under MGNREGS: Impact on their socio-economic empowerment
